Canada and Canadian defence; (Record no. 552826)
[ view plain ]
| 000 -LEADER | |
|---|---|
| fixed length control field | 00592cam a22001451 4500 |
| 082 ## - DEWEY DECIMAL CLASSIFICATION NUMBER | |
| Classification number | 971 |
| Author Mark | ROB |
| 100 1# - MAIN ENTRY--PERSONAL NAME | |
| Personal name | Robinson, C. W. |
| 9 (RLIN) | 50069 |
| 245 10 - TITLE STATEMENT | |
| Title | Canada and Canadian defence; |
| Remainder of title | the defensive policy of the Dominion in relation to the character of her frontier, the events of the war of 1812-14, and her position to-day. |
| Statement of responsibility, etc. | by Major-General C.W. Robinson. |
| 260 ## - PUBLICATION, DISTRIBUTION, ETC. | |
| Place of publication, distribution, etc. | London, |
| Name of publisher, distributor, etc. | H. Rees, ltd. |
| Date of publication, distribution, etc. | 1910. |
| 300 ## - PHYSICAL DESCRIPTION | |
| Extent | x, 186 p. |
| Other physical details | 3 fold. maps. |
| Dimensions | 23 cm. |
| 526 ## - STUDY PROGRAM INFORMATION NOTE | |
| Program name | 0 |
| Interest level | 0 |
| Reading level | 0 |
| Title point value | 971_000000000000000_ROB |
| 650 #0 - SUBJECT ADDED ENTRY--TOPICAL TERM | |
| Topical term or geographic name entry element | Communication and traffic |
| Geographic subdivision | Canada |
| 9 (RLIN) | 50070 |
| 650 #0 - SUBJECT ADDED ENTRY--TOPICAL TERM | |
| Topical term or geographic name entry element | MCE |
| 9 (RLIN) | 379 |
| 942 ## - ADDED ENTRY ELEMENTS (KOHA) | |
| Source of classification or shelving scheme | |
| Koha item type | Book |
| Withdrawn status | Lost status | Source of classification or shelving scheme | Damaged status | Not for loan | Permanent Location | Current Location | Shelving location | Date acquired | Total Checkouts | Full call number | Barcode | Date last seen | Price effective from | Koha item type |
|---|---|---|---|---|---|---|---|---|---|---|---|---|---|---|
| Military College of Engineering (MCE) | Military College of Engineering (MCE) | 01/23/2015 | 971 ROB | MCE-ECC.19 | 01/23/2015 | 01/23/2015 | Book |
